Battle class destroyers.

Bibliographic Details
Main Author: Hodges, Peter (Writer on warships)
Format: Book
Language:English
Published: London : Almark Publishing Co. Ltd., 1971.
Subjects:

MARC

Tag First Indicator Second Indicator Subfields
LEADER 00000cam a2200000 4500
001 in00001510821
005 20200103150528.0
008 710920s1971 enka 000 0 eng
010 |a  77592699  
015 |a B71-10299 
020 |a 0855240121 
035 |a (OCoLC)00163867 
035 |9 AJK4826AM 
040 |a DLC  |c DLC  |d TXA  |d UtOrBLW 
043 |a e-uk--- 
049 |a TXAM 
050 0 0 |a V825.5.G7  |b H6 
082 0 0 |a 623.82/54/0942 
100 1 |a Hodges, Peter  |c (Writer on warships) 
245 1 0 |a Battle class destroyers. 
264 1 |a London :  |b Almark Publishing Co. Ltd.,  |c 1971. 
300 |a 64 pages :  |b illustrations (some color). ;  |c 22 cm. 
336 |a text  |b txt  |2 rdacontent 
337 |a unmediated  |b n  |2 rdamedia 
338 |a volume  |b nc  |2 rdacarrier 
650 0 |a Destroyers (Warships) 
610 1 0 |a Great Britain.  |b Royal Navy. 
948 |a c:mh 
999 |a MARS 
999 f f |s 843ff667-4363-3d38-972e-49095cc32332  |i b80cf782-8de2-3a7d-85b8-2e69c530c101  |t 0 
952 f f |p noncirc  |a Texas A&M University  |b College Station  |c Cushing Memorial Library & Archives  |d Cushing: Ragan Military (Does not check out)  |t 0  |e V825.5.G7 H6 1971  |h Library of Congress classification  |i unmediated -- volume 
998 f f |a V825.5.G7 H6 1971  |t 0  |l Cushing: Ragan Military (Does not check out)